<?xml version="1.0" encoding="UTF-8"?>
<record
    xmlns:xsi="http://www.w3.org/2001/XMLSchema-instance"
    xsi:schemaLocation="http://www.loc.gov/MARC21/slim http://www.loc.gov/standards/marcxml/schema/MARC21slim.xsd"
    xmlns="http://www.loc.gov/MARC21/slim">

  <leader>00780nam a22002177a 4500</leader>
  <datafield tag="999" ind1=" " ind2=" ">
    <subfield code="c">6923</subfield>
    <subfield code="d">6923</subfield>
  </datafield>
  <controlfield tag="003">GBCCL</controlfield>
  <controlfield tag="005">20241126110615.0</controlfield>
  <controlfield tag="008">180703b           ||||| |||| 00| 0 eng d</controlfield>
  <datafield tag="020" ind1=" " ind2=" ">
    <subfield code="a">0830718699</subfield>
  </datafield>
  <datafield tag="020" ind1=" " ind2=" ">
    <subfield code="a"> 9780830718696</subfield>
  </datafield>
  <datafield tag="040" ind1=" " ind2=" ">
    <subfield code="c">GBC</subfield>
  </datafield>
  <datafield tag="082" ind1=" " ind2=" ">
    <subfield code="a">268.432</subfield>
    <subfield code="b">BIB</subfield>
  </datafield>
  <datafield tag="245" ind1=" " ind2=" ">
    <subfield code="a">Bible story coloring pages/</subfield>
    <subfield code="c">Illustrated by Chizuko Yasuda</subfield>
  </datafield>
  <datafield tag="260" ind1=" " ind2=" ">
    <subfield code="a">Ventura, CA : </subfield>
    <subfield code="b">Gospel Light,</subfield>
    <subfield code="c"> &#xA9;1997.</subfield>
  </datafield>
  <datafield tag="300" ind1=" " ind2=" ">
    <subfield code="a">246 pages : illustrations ;</subfield>
    <subfield code="c"> 28 cm</subfield>
  </datafield>
  <datafield tag="505" ind1=" " ind2=" ">
    <subfield code="a">Contains reproducible coloring pictures for the main stories of the Bible, from Genesis through Revelations.</subfield>
  </datafield>
  <datafield tag="650" ind1=" " ind2=" ">
    <subfield code="a">Bible -- Juvenile literature. </subfield>
    <subfield code="9">12339</subfield>
  </datafield>
  <datafield tag="650" ind1=" " ind2=" ">
    <subfield code="a">Creative activities and seat work. </subfield>
    <subfield code="9">12340</subfield>
  </datafield>
  <datafield tag="650" ind1=" " ind2=" ">
    <subfield code="a">Arts in Christian education -- Juvenile literature.</subfield>
    <subfield code="9">12341</subfield>
  </datafield>
  <datafield tag="942" ind1=" " ind2=" ">
    <subfield code="2">ddc</subfield>
    <subfield code="c">BK</subfield>
  </datafield>
  <datafield tag="952" ind1=" " ind2=" ">
    <subfield code="0">0</subfield>
    <subfield code="1">0</subfield>
    <subfield code="2">ddc</subfield>
    <subfield code="4">0</subfield>
    <subfield code="7">0</subfield>
    <subfield code="a">GBC</subfield>
    <subfield code="b">GBC</subfield>
    <subfield code="c">MNMS</subfield>
    <subfield code="d">2018-07-03</subfield>
    <subfield code="l">0</subfield>
    <subfield code="o">268.432 BIB</subfield>
    <subfield code="p">007055</subfield>
    <subfield code="r">2025-05-01 00:00:00</subfield>
    <subfield code="t">c.1</subfield>
    <subfield code="w">2018-07-03</subfield>
    <subfield code="y">BK</subfield>
  </datafield>
  <datafield tag="952" ind1=" " ind2=" ">
    <subfield code="0">0</subfield>
    <subfield code="1">0</subfield>
    <subfield code="2">ddc</subfield>
    <subfield code="4">0</subfield>
    <subfield code="7">0</subfield>
    <subfield code="a">GBC</subfield>
    <subfield code="b">GBC</subfield>
    <subfield code="c">MNMS</subfield>
    <subfield code="d">2018-07-04</subfield>
    <subfield code="l">0</subfield>
    <subfield code="o">268.432 BIB</subfield>
    <subfield code="p">007113</subfield>
    <subfield code="r">2025-05-01 00:00:00</subfield>
    <subfield code="t">c.2</subfield>
    <subfield code="w">2018-07-04</subfield>
    <subfield code="y">BK</subfield>
  </datafield>
  <datafield tag="952" ind1=" " ind2=" ">
    <subfield code="0">0</subfield>
    <subfield code="1">0</subfield>
    <subfield code="2">ddc</subfield>
    <subfield code="4">0</subfield>
    <subfield code="7">0</subfield>
    <subfield code="a">GBC</subfield>
    <subfield code="b">GBC</subfield>
    <subfield code="c">MNMS</subfield>
    <subfield code="d">2018-07-04</subfield>
    <subfield code="l">0</subfield>
    <subfield code="o">268.432 BIB</subfield>
    <subfield code="p">007117</subfield>
    <subfield code="r">2025-05-01 00:00:00</subfield>
    <subfield code="t">c.3</subfield>
    <subfield code="w">2018-07-04</subfield>
    <subfield code="y">BK</subfield>
  </datafield>
  <datafield tag="952" ind1=" " ind2=" ">
    <subfield code="0">0</subfield>
    <subfield code="1">0</subfield>
    <subfield code="2">ddc</subfield>
    <subfield code="4">0</subfield>
    <subfield code="7">0</subfield>
    <subfield code="a">GBC</subfield>
    <subfield code="b">GBC</subfield>
    <subfield code="c">MNMS</subfield>
    <subfield code="d">2018-07-04</subfield>
    <subfield code="l">0</subfield>
    <subfield code="o">268.432 BIB</subfield>
    <subfield code="p">007125</subfield>
    <subfield code="r">2025-05-01 00:00:00</subfield>
    <subfield code="t">c.4</subfield>
    <subfield code="w">2018-07-04</subfield>
    <subfield code="y">BK</subfield>
  </datafield>
  <datafield tag="952" ind1=" " ind2=" ">
    <subfield code="0">0</subfield>
    <subfield code="1">0</subfield>
    <subfield code="2">ddc</subfield>
    <subfield code="4">0</subfield>
    <subfield code="7">0</subfield>
    <subfield code="a">GBC</subfield>
    <subfield code="b">GBC</subfield>
    <subfield code="c">MNMS</subfield>
    <subfield code="d">2018-07-04</subfield>
    <subfield code="l">0</subfield>
    <subfield code="o">268.432 BIB</subfield>
    <subfield code="p">007127</subfield>
    <subfield code="r">2025-05-01 00:00:00</subfield>
    <subfield code="t">c.5</subfield>
    <subfield code="w">2018-07-04</subfield>
    <subfield code="y">BK</subfield>
  </datafield>
  <datafield tag="952" ind1=" " ind2=" ">
    <subfield code="0">0</subfield>
    <subfield code="1">0</subfield>
    <subfield code="2">ddc</subfield>
    <subfield code="4">0</subfield>
    <subfield code="7">0</subfield>
    <subfield code="a">GBC</subfield>
    <subfield code="b">GBC</subfield>
    <subfield code="c">MNMS</subfield>
    <subfield code="d">2018-07-04</subfield>
    <subfield code="l">0</subfield>
    <subfield code="o">268.432 BIB</subfield>
    <subfield code="p">007128</subfield>
    <subfield code="r">2025-05-01 00:00:00</subfield>
    <subfield code="t">c.6</subfield>
    <subfield code="w">2018-07-04</subfield>
    <subfield code="y">BK</subfield>
  </datafield>
  <datafield tag="952" ind1=" " ind2=" ">
    <subfield code="0">0</subfield>
    <subfield code="1">0</subfield>
    <subfield code="2">ddc</subfield>
    <subfield code="4">0</subfield>
    <subfield code="7">0</subfield>
    <subfield code="a">GBC</subfield>
    <subfield code="b">GBC</subfield>
    <subfield code="c">MNMS</subfield>
    <subfield code="d">2018-07-06</subfield>
    <subfield code="l">0</subfield>
    <subfield code="o">268.432 BIB</subfield>
    <subfield code="p">007612</subfield>
    <subfield code="r">2025-05-01 00:00:00</subfield>
    <subfield code="t">c.7</subfield>
    <subfield code="w">2018-07-06</subfield>
    <subfield code="y">BK</subfield>
  </datafield>
  <datafield tag="952" ind1=" " ind2=" ">
    <subfield code="0">0</subfield>
    <subfield code="1">0</subfield>
    <subfield code="2">ddc</subfield>
    <subfield code="4">0</subfield>
    <subfield code="7">0</subfield>
    <subfield code="a">GBC</subfield>
    <subfield code="b">GBC</subfield>
    <subfield code="c">MNMS</subfield>
    <subfield code="d">2018-07-06</subfield>
    <subfield code="l">0</subfield>
    <subfield code="o">268.432 BIB</subfield>
    <subfield code="p">007630</subfield>
    <subfield code="r">2025-05-01 00:00:00</subfield>
    <subfield code="t">c.8</subfield>
    <subfield code="w">2018-07-06</subfield>
    <subfield code="y">BK</subfield>
  </datafield>
</record>
